LEADER 01076cam0 2200253 450 001 E600200032425 005 20200707103640.0 100 $a20071213d1933 |||||ita|0103 ba 101 $aita 102 $aIT 200 1 $aMotivi umani e strategia di scienza nella lotta antitubercolare$eDiscorso alle Insegnanti ed alle Alunne dell'Istituto Superiore di Magistero "Suor Orsola Benincasa" in Napoli$fGiuseppe Marinelli 210 $aNapoli$cStabilimento Industrie Editoriali Meridionali$d1933 215 $a12 p.$d24 cm 300 $aEstr. da : "Il Progresso Sociale del Mezzogiorno", XII (1933)5 700 1$aMarinelli$b, Giuseppe$3A600200038055$4070$034535 801 0$aIT$bUNISOB$c20200707$gRICA 850 $aUNISOB 852 $aUNISOB$j500|Opusc$m78066 912 $aE600200032425 940 $aM 102 Monografia moderna SBN 941 $aM 957 $a500|Opusc$b000011$gSi$d78066$racquisto$1pregresso3$2UNISOB$3UNISOB$420071213113900.0$520160308133607.0$6petrellap 996 $aMotivi umani e strategia di scienza nella lotta antitubercolare$91687969 997 $aUNISOB